000 00320 a2200109 4500
001 ART_46802
005 20260410162000.0
008 260409a
245 1 0 _aAlarmismo ambiental, antes y ahora
100 1 _aLomborg, Bjorn
773 0 _tArchivos del presente
_g- Año 16, Nº 59 (jun. 2012)
_wREV28180
999 _c31187
_d31187